| 000 | 00488 a2200169 4500 | ||
|---|---|---|---|
| 003 | OSt | ||
| 005 | 20240111112116.0 | ||
| 008 | 240111b |||||||| |||| 00| 0 eng d | ||
| 020 | _a9789380442044 | ||
| 040 | _coclc | ||
| 082 |
_a297 _bMAD/V |
||
| 100 |
_aMadeeni, Shameer _910259 |
||
| 245 |
_aViswasakaryangalile soofi chinthagathikal / _cShameer Madeeni |
||
| 260 |
_aKerala: _bDa'wa books, _c2009. |
||
| 300 | _a97p | ||
| 942 |
_2ddc _cBK _h297 _iMAD/V _k297 _mMAD/V |
||
| 999 |
_c43147 _d43147 |
||